Get the Picture: The Office Accountants Quiz Stats

 Plays Quiz Updated May 26, 2019

Score 0/15 Timer 03:00
16 Plays Today
Question Answer Wrong Answers
Which accountant is gay? Oscar Martinez
94.2%
Angela Martin
1.1%
Kevin Malone
1.6%
Which accountant has pet cats named Princess Lady and Mr. Ash? Angela Martin
92.7%
Oscar Martinez
2.6%
Kevin Malone
1.7%
Which accountant has been head of the Party Planning Committee? Angela Martin
92.5%
Oscar Martinez
2.3%
Kevin Malone
2%
Which accountant invented the number 'keleven'? Kevin Malone
91.4%
Angela Martin
2%
Oscar Martinez
3.7%
Which accountant plays drums in a band called Scrantonicity? Kevin Malone
90.4%
Angela Martin
1.9%
Oscar Martinez
4.8%
Which accountant married a State Senator? Angela Martin
87.8%
Oscar Martinez
7.7%
Kevin Malone
1.6%
Which accountant won a bracelet in the World Series of Poker? Kevin Malone
82.6%
Angela Martin
6.9%
Oscar Martinez
7.5%
Which accountant was a member of the Finer Things Club? Oscar Martinez
81.9%
Angela Martin
11%
Kevin Malone
4.4%
Which accountant runs for State Senate? Oscar Martinez
79.8%
Angela Martin
13%
Kevin Malone
4.3%
Which accountant's favorite song is 'The Little Drummer Boy'? Angela Martin
78.8%
Oscar Martinez
5.1%
Kevin Malone
13.2%
Which accountant got fired from Dunder Mifflin? Kevin Malone
75.9%
Angela Martin
7.4%
Oscar Martinez
13.7%
Which accountant dresses as Uncle Sam and as a 'rational consumer' on Halloween? Oscar Martinez
75.1%
Angela Martin
7%
Kevin Malone
14.6%
Which accountant is shown to enjoy ice skating and yoga? Oscar Martinez
74.4%
Angela Martin
18.7%
Kevin Malone
3.9%
Which accountant is often called 'Monkey' by Dwight? Angela Martin
72.2%
Oscar Martinez
9.6%
Kevin Malone
15.2%
Which accountant adopts a dog named Ruby? Kevin Malone
54%
Angela Martin
7.8%
Oscar Martinez
35.1%

Today's Daily Dose

Missing Word
Celine Dion

Word Ladder
Dr. Seuss Books

Quick Pick
Cities in India

Get the Picture
'A' Actresses

You're not logged in!

Compare scores with friends on all Sporcle quizzes.
OR
Log In

Sporcle TV

Today on Sporcle TV


Watch our educational content, quiz creation guides, and fun videos on Sporcle TV.

Show Comments

Extras

Top Quizzes Today


Score Distribution

Your Account Isn't Verified!

In order to create a playlist on Sporcle, you need to verify the email address you used during registration. Go to your Sporcle Settings to finish the process.

Report this User

Report this user for behavior that violates our Community Guidelines.

Details: